| 000 | 00642nam a2200193 i 4500 | ||
|---|---|---|---|
| 001 | 31214 | ||
| 003 | ES-MaACL | ||
| 005 | 20230906154334.0 | ||
| 007 | t| | ||
| 008 | 030128s1972 sp ||||1| spa d | ||
| 100 | 1 |
_aBehrens, Charles F. _927059 |
|
| 245 | 1 | 0 |
_aMedicina nuclear / _cCharles F. Behrens, E. Richard King, James W. J. Carpender ; [versión revisada por Juan R. Zaragoza]. |
| 260 |
_aBarcelona : _bSalvat, _c[1972] |
||
| 300 |
_aXV, 818 p. : _bil. ; _c25 cm. |
||
| 700 | 1 |
_aKing, Richard. _968066 |
|
| 700 | 1 |
_aCarpender, James W. J. _935430 |
|
| 700 | 1 |
_aZaragoza, Juan Ramón. _9118038 |
|
| 852 |
_aES-MaACL _jC-43090 _bR.82664 |
||
| 999 |
_c31214 _d31214 |
||